US States with No Major Sports Teams - Statistics

General Stats
  • This quiz has been taken 121 times
  • The average score is 21 of 24
Answer Stats
Population State % Correct
1,363,359 Maine
97%
733,391 Alaska
94%
886,667 South Dakota
94%
1,455,271 Hawaii
92%
1,377,529 New Hampshire
92%
779,094 North Dakota
92%
643,077 Vermont
92%
1,839,106 Idaho
89%
2,117,522 New Mexico
89%
1,097,379 Rhode Island
89%
5,118,425 South Carolina
88%
576,851 Wyoming
88%
989,948 Delaware
87%
3,190,369 Iowa
87%
1,084,225 Montana
87%
5,024,279 Alabama
86%
3,605,944 Connecticut
86%
3,011,524 Arkansas
85%
2,961,279 Mississippi
83%
1,793,716 West Virginia
82%
1,961,504 Nebraska
81%
4,505,836 Kentucky
80%
8,631,393 Virginia
78%
2,937,880 Kansas
75%
No matching quizzes found
Score Distribution
Percent of People with Each Score
Percentile by Number Answered
Your Score History
You have not taken this quiz